Equipos de futbol #2 - Estadísticas

Estadísticas generales
  • Esta prueba ha sido intentada 65 veces
  • La puntuación promedio es 14 de 16
Estadísticas de respuestas
Imagen Respuesta % Correcto
Ajax
100%
River plate
98%
Arsenal
96%
Benfica
96%
Everton
96%
Galatasaray
96%
Paris Saint-Germain
95%
Roma
95%
Borussia Dortmund
91%
Rangers
91%
Brentford
86%
Brighton
86%
Nottingham forest
86%
Hull City
74%
Olympiacos
74%
Hajduk Split
35%
No se encontraron pruebas coincidentes
Distribución de puntuación
Porcentaje de gente con cada puntuación
Porcentaje por número respondido
Historial de tus puntuaciones
No has intentado esta prueba.